| 000 | 00377 a2200121 4500 | ||
|---|---|---|---|
| 001 | ART_47029 | ||
| 005 | 20260410161850.0 | ||
| 008 | 260409a | ||
| 245 | 1 | 0 | _aEl precio de los terrenos y el valor de sus atributos |
| 100 | 1 | _aMeloni, Osvaldo | |
| 700 | 1 | _aRuiz Núñez, Fernanda | |
| 773 | 0 |
_tEconómica _g- Año XLVIII, Nº 1/2 (ene./dic. 2002) _wREV7541 |
|
| 999 |
_c24917 _d24917 |
||